Co to za flaga? #3 Lvl. Trudny - Statystyki

Ogólne statystyki
  • Ten quiz został rozwiązany 2 050 razy
  • Średni wynik to 11 z 15
Statystyki odpowiedzi
Obrazkowy Odpowiedź % Poprawnych
Bośnia i Hercegowina
95%
Malta
86%
Kuba
85%
Korea Północna
80%
Mołdawia
80%
Nepal
79%
Wybrzeże Kości Słoniowej
77%
Wenezuela
76%
Liban
68%
Mongolia
64%
Oman
61%
Turkmenistan
61%
Tajwan
59%
Papua Nowa Gwinea
57%
Tadżykistan
45%
Nie znaleziono quizów pasujących do podanych kryteriów
Rozkład punktacji
Procent ludzi z każdym wynikiem
Percentyl według liczby udzielonych odpowiedzi
Twoja historia wyników
Nie rozwiązałeś tego quizu